UM Logo

Inverter design considerations for variable-pole induction machines in electric vehicles / (Record no. 20161)

MARC details
000 -LEADER
fixed length control field 01081nam a22002537a 4500
003 - CONTROL NUMBER IDENTIFIER
control field OSt
005 - DATE AND TIME OF LATEST TRANSACTION
control field 20250904145903.0
008 - FIXED-LENGTH DATA ELEMENTS--GENERAL INFORMATION
fixed length control field 240425b ||||| |||| 00| 0 eng d
040 ## - CATALOGING SOURCE
Transcribing agency 0
082 ## - DEWEY DECIMAL CLASSIFICATION NUMBER
Classification number DPer 621.317 Ie21 November 2022 v. 37 n. 11
100 ## - MAIN ENTRY--PERSONAL NAME
Personal name Libbos, Elie.
Relator term author.
9 (RLIN) 56697
245 ## - TITLE STATEMENT
Title Inverter design considerations for variable-pole induction machines in electric vehicles /
Statement of responsibility, etc. Elie Libbos, Elisa Krause, Arijit Banerjee, and Philip T. Krein.
260 ## - PUBLICATION, DISTRIBUTION, ETC. (IMPRINT)
Place of publication, distribution, etc. New York ;
Name of publisher, distributor, etc. The Institute of Electrical and Electronics Engineers, Inc. ,
Date of publication, distribution, etc. November 2022.
300 ## - PHYSICAL DESCRIPTION
Extent Volume 37, pages 13554-13565 :
Other physical details illustration ;
Dimensions 28 cm.
500 ## - GENERAL NOTE
General note IEEE Transactions on Power Electronics, vol. 37, no. 11, pages 13554-13565, November 2022.
650 #0 - SUBJECT ADDED ENTRY--TOPICAL TERM
Topical term or geographic name as entry element Electric vehicles (EVs).
9 (RLIN) 67222
650 #0 - SUBJECT ADDED ENTRY--TOPICAL TERM
Topical term or geographic name as entry element Legged locomotion.
9 (RLIN) 65934
650 #0 - SUBJECT ADDED ENTRY--TOPICAL TERM
Topical term or geographic name as entry element Power inverters.
9 (RLIN) 67223
700 ## - ADDED ENTRY--PERSONAL NAME
Personal name Libbos, Elie.
Relator term author.
9 (RLIN) 56697
700 ## - ADDED ENTRY--PERSONAL NAME
Personal name Krause, Elisa.
Relator term author.
9 (RLIN) 56698
700 ## - ADDED ENTRY--PERSONAL NAME
Personal name Banerjee, Arijit.
Relator term author.
9 (RLIN) 56699
700 ## - ADDED ENTRY--PERSONAL NAME
Personal name Krein, Philip T.
Relator term author.
9 (RLIN) 56700
942 ## - ADDED ENTRY ELEMENTS (KOHA)
Source of classification or shelving scheme Dewey Decimal Classification
Koha item type Periodicals
Holdings
Withdrawn status Lost status Source of classification or shelving scheme Damaged status Not for loan Collection code Home library Current library Date acquired Total Checkouts Full call number Date last seen Price effective from Koha item type Public note
    Dewey Decimal Classification     Periodicals UM Digos College - LIC UM Digos College - LIC 04/25/2024   DPer 621.317 Ie21 November 2022 v. 37 n. 11 04/25/2024 04/25/2024 Periodicals Periodical Article